000 00938nam a2200241 a 4500
001 48607
003 BD-RjUL
005 20211209054543.0
008 160814s1976 bg ||||| |||| 00| 0 ben d
020 _c: Tk.8.00
035 _a(BD-RjUL)48726
040 _aBD-RjUL
_bben
_cBD-RjUL
_dBD-RjUL
041 _aben
082 _223
_a891.433
_bKRL 1976
100 _aকৃষণচন্দর
_9146820
245 1 0 _aলন্ডনের সাতরং /
_cকৃষণচন্দর, অনুবাদ এ.বি.এম কামাল উদ্দিন শামীম
260 _aঢাকা :
_bমুক্তধারা,
_c১৯৭৬.
300 _a১০০ পৃ. ;
_c২৪ সেমি.
650 _aহিন্দি উপন্যাস
_9146821
650 _aHindi Fictions
_9146822
700 _aশামীম,এ.বি.এম কামাল উদ্দিন অনুবাদ
_9146823
942 _2ddc
_cBK
999 _c48607
_d48607